| 000 | 00421nam a2200145Ia 4500 | ||
|---|---|---|---|
| 005 | 20240516034841.0 | ||
| 008 | 240331s9999 xx 000 0 und d | ||
| 082 |
_bABE _a333 |
||
| 100 | _aAbeysinghe, Ariya | ||
| 245 | 0 |
_aAncient land tenure to modern land reform in Sri Lanka _cAriya Abeysinghe |
|
| 260 |
_aColombo _bThe Center for Society & Religion |
||
| 300 | _a152, p ., ( v 2 ) | ||
| 650 | _a Political | ||
| 942 | _cL | ||
| 999 |
_c2676 _d2676 |
||